000 00373nam a2200145Ia 4500
008 200103s9999||||xx |||||||||||||| ||und||
020 _a1870077075
040 _aIMU-MPC
082 _aColumn-8
100 _aThe nautical Institute
245 4 _aThe nautical institute on pilotage and shiphandling
260 _bThe nautical Institute
_c1990
300 _a387
942 _cBK
999 _c4087
_d4087